| 000 | 00440nam a22001817a 4500 | ||
|---|---|---|---|
| 003 | MPLRDC | ||
| 005 | 20220104125734.0 | ||
| 008 | 210129b ||||| |||| 00| 0 eng d | ||
| 020 | _a962-357-598-1 | ||
| 082 | _a857.8 XSXL-2 v.60 | ||
| 100 | _a关慧灵 | ||
| 245 |
_a爱在灯火兰珊处 _c |
||
| 260 |
_a _b明窗出版社 _c1993 |
||
| 300 | _b平 | ||
| 490 | _a小说系列. 60 | ||
| 650 | _a小说 | ||
| 942 |
_cBK _o857.8 XSXL-2 v.60 |
||
| 999 |
_c29748 _d29738 |
||